000 00555nam a2200217Ia 4500
003 OSt
005 20220926042249.0
006 a|||||r|||| 00| 0
007 ta
008 220923b |||||||| |||| 00| 0 eng d
037 _cGeneral Book
040 _aRTL
_cRTL
_beng
041 _2eng
_aeng
082 _aV3,4.N5, J8
100 _aMckenzie R T
245 0 _aBritish political parties
260 _c1958
650 _aConstitution Great Britain
_9231188
942 _hV3,4.N5, J8
_cGB
_2CC
999 _c669287
_d669287